| 000 | 00637nam a2200205Ia 4500 | ||
|---|---|---|---|
| 005 | 20250822170841.0 | ||
| 008 | 250822s9999||||xx |||||||||||||| ||und|| | ||
| 100 | _aAsdrúbal Silva, Hernán | ||
| 245 | 0 | _aBases para el establecimiento de vínculos comerciales entre el Río de la Plata y el Brasil a fines de la etapa colonial | |
| 300 | _ap. 475-488 | ||
| 650 | _aCOMERCIALIZACION | ||
| 650 | _aCOMERCIO | ||
| 650 | _aESCLAVITUD | ||
| 650 | _aHISTORIA | ||
| 650 | _aSIGLO XVIII | ||
| 651 | _aARGENTINA-RIO DE LA PLATA | ||
| 651 | _aBRASIL | ||
| 773 | _aAnuario de estudios americanos Vol. 54 No. 2 (1997) | ||
| 942 | _tMJCh | ||
| 999 |
_c12049 _d12049 |
||